Masala lab(മസാല ലാബ്) (Record no. 115284)

MARC details
000 -LEADER
fixed length control field 00220 a2200097 4500
020 ## - INTERNATIONAL STANDARD BOOK NUMBER
International Standard Book Number 9789357324717
100 ## - MAIN ENTRY--PERSONAL NAME
Personal name Krish Ashok
245 ## - TITLE STATEMENT
Title Masala lab(മസാല ലാബ്)
260 ## - PUBLICATION, DISTRIBUTION, ETC. (IMPRINT)
Name of publisher, distributor, etc D C books
Date of publication, distribution, etc 2025
942 ## - ADDED ENTRY ELEMENTS (KOHA)
Koha item type On order/under processing
Holdings
Withdrawn status Lost status Damaged status Not for loan Home library Current library Date acquired Source of acquisition Cost, normal purchase price Total Checkouts Barcode Date last seen Cost, replacement price Price effective from Koha item type
        University Library University Library 27/02/2026 275 253.35   00097365 27/02/2026 380.00 27/02/2026 On order/under processing
University Library, CUSAT